000 00654nam a2200193 a 4500
005 20240910063751.0
008 991125s1958 ag 000 0 spa u
035 _aUPN01000057844
049 _aF
050 4 _aLA548
_bF7.8
100 1 _aFrondizi, Risieri,
_d1910-1985
_931954
245 1 3 _aLa universidad y sus misiones /
_cpor Risieri Frondizi.
260 _aSanta Fé [Arg.] :
_bUniversidad Nacional del Litoral, Instituto Social,
_c1958.
300 _a43 p.
440 0 _aPublicación de extensión universitaria ;
_v88
650 4 _aEducación superior
_zArgentina
_96845
650 4 _aUNIVERSIDADES Y COLEGIOS -
_zARGENTINA
_926083
905 _aLibro
999 _c57844
_d57844